24 bài thực hành để học nhanh tiếng Đức

Zapisane w:
Opis bibliograficzny
1. autor: Minh Nguyệt
Format: Książka
Język:Undetermined
Wydane: Thành phố Hồ Chí Minh Thanh Niên 2003
Hasła przedmiotowe:
Etykiety: Dodaj etykietę
Nie ma etykietki, Dołącz pierwszą etykiete!
Thư viện lưu trữ: Trung tâm Học liệu Trường Đại học Cần Thơ
LEADER 00548nam a2200193Ia 4500
001 CTU_92527
008 210402s9999 xx 000 0 und d
020 |c 21000 
082 |a 430 
082 |b M312 
100 |a Minh Nguyệt 
245 0 |a 24 bài thực hành để học nhanh tiếng Đức 
245 0 |c Minh Nguyệt 
260 |a Thành phố Hồ Chí Minh 
260 |b Thanh Niên 
260 |c 2003 
650 |a German language 
904 |i Mai Loan 
980 |a Trung tâm Học liệu Trường Đại học Cần Thơ